000 00531nam a2200157Ia 4500
008 100204s9999 xx 000 0 und d
082 _b23084
100 _aक्रिश्टन मायकेल
245 _aटर्मिनल मॅन
260 _b"मेहता पब्लिशिंग हाऊस , पुणे"
_c1998
300 _a204
630 _aटर्मिनल मॅन
700 _aमांडे अरुण
730 _aटर्मिनल मॅन
942 _cBOOK
999 _c468194
_d468191